|
|
|
|
| LEADER |
00000nam a2200000Ia 4500 |
| 008 |
170605b1986 cr ||||| |||| 00| | spa d |
| 999 |
|
|
|c 1311
|d 1311
|
| 090 |
|
|
|a 05.01.01
|b 117
|
| 100 |
1 |
|
|a Pereira Pérez, Zulay
|9 2902
|
| 245 |
1 |
0 |
|a Desarrollo motor y psicológico del niño / Zulay Pereira Pérez
|
| 260 |
|
|
|a San José, Costa Rica :
|b IIMEC,
|c 1986
|
| 300 |
|
|
|a 18 páginas
|
| 650 |
1 |
4 |
|a PSICOLOGÍA DEL NIÑO
|9 874
|
| 650 |
1 |
4 |
|a DESARROLLO MOTOR
|9 869
|
| 650 |
1 |
4 |
|a APRENDIZAJE
|9 387
|
| 650 |
1 |
4 |
|a EDUCACIÓN
|9 1
|
| 650 |
1 |
4 |
|a PERSONALIDAD
|9 1790
|
| 650 |
1 |
4 |
|a DESARROLLO DEL NIÑO
|9 723
|
| 942 |
|
|
|i 0062
|h 05.01.01 117
|2 z
|c 01
|